1788 1064 1156 1859 1758 1185 1793 1369 1640 1643 1331 1746 1811 1417 1742 1869 1993 1869 1564 1799 1424 1638 1783 1372 1849 1687 1803 1877 1872 1150 1057 1141 1952 1199 1737 1838 1983 1376 1483 1186 1764 1511 1305 1181 1682 1790 1349 1789 1942 1817 1987 1838 1131 1733 1964 1946 1792 1294 1845 1274 1807 1265 1996 1457 1042 1614 1929 1998 1667 1674 1650 1357 1075 1539 1126 1447 1877 1088 1768 1808 1819 1840 1874 1807 1567 1169 1099 1658 1176 1096 1009 1235 1256 1757 1868 1834 1986 1434 1510 BCNSPRNW ULIB Ver.6.0+V

เปลี่ยนเป็นภาษาไทย

Change to English
 แสดงรายละเอียดบรรณานุกรม
  กลับหน้าหลัก

Brief Record : Get Marc (ISO 2709) : E-mail record : QR code < ปิดหน้าต่าง
LEADER : 00000nam 2200000uu 4500
001    13399123171
003     ULIB
008    200557s2551||||th 000 0 tha d
020    ^a9789740642909
090    ^aนว.^bด111ห
100 0  ^aเด็กญี่ปุ่น
245 00 ^aหัวใจหยุดพักเติมรักให้เต็มร้อย/^cเด็กญี่ปุ่น
250    ^aพิมพ์ครั้งที่ 1
260    ^aกรุงเทพฯ :^bนกฮูก,^c2551
300    ^a207หน้า
710 1  ^aนกฮูก
945    ^p169^l0^i20319
995    ^aทศพร
999    ^aทศพร เกษรทอง
รายการนี้ยังไม่มีแท็ก
คุณยังไม่ได้ล็อกอิน คุณสามารถมีกิจกรรมร่วมกับเว็บไซต์ได้ แต่ต้องล็อกอินก่อน ::
  ล็อกอิน

รายการสื่อสารสนเทศ

ลำดับที่ ประเภท เลขเรียก/บาร์โค้ด สถานที่ สถานะ
1. นวนิยาย
นวนิยาย
นว. ด111ห ฉ.1 
  Barcode: 20319
ห้องสมุดวิทยาเขตนครสวรรค์
►นวนิยาย:l:Fiction
บนชั้น

BibComment


ยังไม่เคยถูกคอมเมนท์

คอมเมนท์ทรัพยากรรายการนี้
  คอมเมนท์: หัวใจหยุดพักเติม..


 Copyright 2026. Bcnsprnw @Library